000 01779 a2200301 4500
999 _c11114
_d11114
020 _a9781605353821
050 _aQP356.45
_bNEL 2011
100 _aNelson, Randy J
_eauthor
245 _aAn introduction to behavioral endocrinology /
_cRandy J.Nelson
250 _aFourth edition
264 _aMassachusetts :
_bSinauer Associates,
_c2011
300 _axviii, 712, [134] pages :
_b illustrations (chiefly color) ; 29 cm
336 _2rdacontent
_atext
_btxt
337 _2rdamedia
_aunmediated
_bn
338 _2rdacarrier
_avolume
_bnc
500 _a.
504 _aIncludes bibliographical references and index
505 _aStudy of behavioral endocrinology -- Endocrine system -- Sex differences in behavior: sex determination and differentiation -- Sex differences in behavior: animal models and humans -- Male reproductive behavior -- Female reproductive behavior -- Parental behavior -- Hormones and social behavior -- Homeostasis and behavior -- Biological rhythms -- Stress -- Learning and memory -- Hormones and affective disorders
520 _a"Now in full colour, this Fourth Edition retains all the features of the bestselling prior editions, and provides an integrated study of hormone -- behavior -- brain interactions, emphasizing a comparative approach. The text contains over 2,000 references and is accompanied by animations, video, sound files, and graphics to aid in understanding."--Publisher's description
650 _aAnimal behavior
_xEndocrine aspects
650 _aBehavior, Animal
_xphysiology
650 _aPsychophysiology
650 _aHuman behavior
_xEndocrine aspects
650 _aHormones -- physiology
650 _aBehavior -- physiology
650 _aBehavior, Animal -- physiology
942 _2lcc
_cBK
_h356.45
_iNEL
_kQP